|
|
|
|
| LEADER |
00000nam a2200000 a 4500 |
| 001 |
vtls011756538 |
| 003 |
SK-MaSNL |
| 005 |
20260301223001.0 |
| 008 |
200205s1879 xo a 0 an0 slo |
| 015 |
|
|
|a SNBHFA1879
|
| 035 |
|
|
|a urn:nbn:sk:snk-am00d6da
|
| 035 |
|
|
|a urn:nbn:sk:snk-am3hr6u
|
| 035 |
|
|
|a 88B01C9D-906F-4F86-A9AE-5A79A5D6103A
|
| 040 |
|
|
|a SNKHF
|b slo
|c SNK
|e AACR2
|
| 041 |
0 |
|
|a slo
|
| 044 |
|
|
|a xo
|c SK
|
| 072 |
|
7 |
|a 09
|x Rukopisy, prvotlače, staré tlače. Vzácne a pozoruhodné diela
|2 konspekt
|
| 080 |
|
|
|a 098:398.51
|2 1981
|
| 130 |
0 |
|
|a Pjseň
|9 315402
|
| 245 |
1 |
0 |
|a Pjseň gednoho Mládence, který se s swau Pannau laučil
|
| 260 |
|
|
|a W Skalici : u dědičů J. Škarnicla
|c 1879
|
| 300 |
|
|
|a [8] s.
|c 11 cm
|
| 500 |
|
|
|a Titulná strana s drevorezom
|
| 501 |
|
|
|a Prív. 3. k: Kratochwilná Pjseň Mládencům i Panám pro obweselenj wydaná. W Skalici : u dědičů J. Skarnicla, 1879.
|5 SNK SE 151/1-22/prív.3
|
| 546 |
|
|
|a Slovenčina
|b Fraktúra
|
| 650 |
0 |
7 |
|a jarmočné tlače
|2 SNKPH
|9 256383
|
| 710 |
2 |
|
|a Škarnicel, Jozef - dedičia (Skalica, Slovensko)
|4 prt
|9 189503
|
| 752 |
|
|
|a Slovensko
|d Skalica
|
| 852 |
|
|
|a SNK
|p SE 151/1-22/prív.3
|
| 958 |
|
|
|a ONDV
|
| 999 |
|
|
|c 941749
|d 943679
|
| 952 |
|
|
|a SNK
|b SNK
|y PREZ
|7 0
|p 17A1300766
|o snkSE 151/1-22/prív.3
|i snk4644/28
|0 0
|1 0
|4 0
|d 2018-05-16
|f 1
|l 0
|r 2026-02-24 09:21:47
|w 2026-02-24
|